[Event "Stay Safe Play From Home 283"]
[Site "Emanuel Lasker Arena"]
[Date "2020.07.07"]
[Round "6"]
[White "Mepe_Nika"]
[Black "Broken sword"]
[Result "0-1"]
[WhiteElo "2393"]
[BlackElo "2451"]
[Annotator "RC"]
[PlyCount "98"]
[EventDate "2020.07.07"]
[EventType "swiss (blitz)"]

1. d4 {[%emt 0:00:00]} Nf6 {[%emt 0:00:01]} 2. Bf4 {[%emt 0:00:00]} g6 {[%emt 0:00:00]} 3. e3 {[%emt 0:00:01]} Bg7 {[%emt 0:00:00]} 4. Nf3 {[%emt 0:00:00]} c5 {[%emt 0:00:00]} 5. c3 {[%emt 0:00:01]} cxd4 {[%emt 0:00:00]} 6. cxd4 {[%emt 0:00:00]} Qb6 {[%emt 0:00:00]} 7. Qc2 {[%emt 0:00:02]} Nc6 {[%emt 0:00:01]} 8. Nc3 {[%emt 0:00:01]} d6 {[%emt 0:00:01]} 9. a3 {[%emt 0:00:01]} Bf5 {[%emt 0:00:01]} 10. Qc1 {[%emt 0:00:01]} Rc8 {[%emt 0:00:02]} 11. h3 {[%emt 0:00:01]} O-O {[%emt 0:00:01]} 12. Be2 {[%emt 0:00:01]} Na5 {[%emt 0:00:00]} 13. Bd1 {[%emt 0:00:02]} Ne4 {[%emt 0:00:01]} 14. O-O {[%emt 0:00:02]} Nxc3 {[%emt 0:00:01]} 15. bxc3 {[%emt 0:00:00]} Qc7 {[%emt 0:00:01]} 16. Bg5 {[%emt 0:00:06]} h6 {[%emt 0:00:03]} 17. Bh4 {[%emt 0:00:01]} g5 {[%emt 0:00:00]} 18. Bg3 {[%emt 0:00:00]} Qxc3 {[%emt 0:00:01]} 19. Qxc3 {[%emt 0:00:01]} Rxc3 {[%emt 0:00:00]} 20. Ba4 {[%emt 0:00:01]} Rfc8 {[%emt 0:00:02]} 21. Nd2 {[%emt 0:00:01]} b6 {[%emt 0:00:01]} 22. Rab1 {[%emt 0:00:01]} Nc4 {[%emt 0:00:02]} 23. Nxc4 {[%emt 0:00:01]} R8xc4 {[%emt 0:00:00]} 24. Rb4 {[%emt 0:00:01]} Rc8 {[%emt 0:00:03]} 25. Bb5 {[%emt 0:00:02]} Rxa3 {[%emt 0:00:02]} 26. Be2 {[%emt 0:00:00]} Rc2 {[%emt 0:00:02]} 27. Bf3 {[%emt 0:00:01]} Bf8 {[%emt 0:00:04]} 28. h4 {[%emt 0:00:01]} Kg7 {[%emt 0:00:02]} 29. hxg5 {[%emt 0:00:01]} hxg5 {[%emt 0:00:00]} 30. Rd1 {[%emt 0:00:02]} e6 {[%emt 0:00:01]} 31. e4 {[%emt 0:00:01]} Bg6 {[%emt 0:00:01]} 32. Rb5 {[%emt 0:00:03]} Rac3 {[%emt 0:00:02]} 33. Rxg5 {[%emt 0:00:01]} Rc1 {[%emt 0:00:01]} 34. Rxc1 {[%emt 0:00:01]} Rxc1+ {[%emt 0:00:00]} 35. Kh2 {[%emt 0:00:00]} Be7 {[%emt 0:00:00]} 36. Rg4 {[%emt 0:00:01]} Rc4 {[%emt 0:00:01]} 37. e5 {[%emt 0:00:01]} d5 {[%emt 0:00:01]} 38. Be2 {[%emt 0:00:01]} Rc2 {[%emt 0:00:02]} 39. Bd3 {[%emt 0:00:01]} Rc3 {[%emt 0:00:00]} 40. Bxg6 {[%emt 0:00:01]} fxg6 {[%emt 0:00:00]} 41. Rf4 {[%emt 0:00:01]} b5 {[%emt 0:00:01]} 42. f3 {[%emt 0:00:02]} a5 {[%emt 0:00:02]} 43. Be1 {[%emt 0:00:01]} Ra3 {[%emt 0:00:00]} 44. Kg3 {[%emt 0:00:03]} b4 {[%emt 0:00:00]} 45. Kf2 {[%emt 0:00:01]} b3 {[%emt 0:00:00]} 46. Bc3 {[%emt 0:00:00]} Bb4 {[%emt 0:00:01]} 47. Bxb4 {[%emt 0:00:03]} axb4 {[%emt 0:00:00]} 48. Rh4 {[%emt 0:00:00]} b2 {[%emt 0:00:01]} 49. Rh1 {[%emt 0:00:00]} Ra1 {[%emt 0:00:00] Mepe_Nika resigns (Lag: Av=0.36s, max=0.8s)} 0-1

[Event "Stay Safe Play From Home 283"]
[Site "Emanuel Lasker Arena"]
[Date "2020.07.07"]
[Round "6"]
[White "Jhhonnyy"]
[Black "Lamborghini"]
[Result "0-1"]
[WhiteElo "2328"]
[BlackElo "2251"]
[PlyCount "86"]
[EventDate "2020.07.07"]
[EventType "swiss (blitz)"]

1. d4 {[%emt 0:00:01]} Nf6 {[%emt 0:00:01]} 2. c4 {[%emt 0:00:00]} g6 {[%emt 0:00:00]} 3. g3 {[%emt 0:00:00]} Bg7 {[%emt 0:00:00]} 4. Bg2 {[%emt 0:00:00]} O-O {[%emt 0:00:00]} 5. Nc3 {[%emt 0:00:00]} d6 {[%emt 0:00:00]} 6. Nf3 {[%emt 0:00:00]} c6 {[%emt 0:00:00]} 7. O-O {[%emt 0:00:00]} Qa5 {[%emt 0:00:00]} 8. Ne1 {[%emt 0:00:01]} Qb6 {[%emt 0:00:02]} 9. Nf3 {[%emt 0:00:02]} Be6 {[%emt 0:00:02]} 10. d5 {[%emt 0:00:01]} cxd5 {[%emt 0:00:01]} 11. cxd5 {[%emt 0:00:00]} Bd7 {[%emt 0:00:01]} 12. Rb1 {[%emt 0:00:01]} Rc8 {[%emt 0:00:01]} 13. Be3 {[%emt 0:00:01]} Qd8 {[%emt 0:00:01]} 14. a3 {[%emt 0:00:01]} a5 {[%emt 0:00:01]} 15. Nd4 {[%emt 0:00:01]} Na6 {[%emt 0:00:01]} 16. h3 {[%emt 0:00:01]} Nc5 {[%emt 0:00:01]} 17. b4 {[%emt 0:00:02]} axb4 {[%emt 0:00:02]} 18. axb4 {[%emt 0:00:00]} Na4 {[%emt 0:00:01]} 19. Ncb5 {[%emt 0:00:02]} Nb6 {[%emt 0:00:06]} 20. Rc1 {[%emt 0:00:10]} Nbxd5 {[%emt 0:00:01]} 21. Rxc8 {[%emt 0:00:00]} Rxc8 {[%emt 0:00:01]} 22. Bd2 {[%emt 0:00:00]} Bc6 {[%emt 0:00:04]} 23. Qb3 {[%emt 0:00:01]} Nb6 {[%emt 0:00:01]} 24. Nxc6 {[%emt 0:00:01]} bxc6 {[%emt 0:00:00]} 25. Nd4 {[%emt 0:00:00]} Qd7 {[%emt 0:00:01]} 26. Rc1 {[%emt 0:00:01]} d5 {[%emt 0:00:01]} 27. Qf3 {[%emt 0:00:03]} Nc4 {[%emt 0:00:01]} 28. Be1 {[%emt 0:00:00]} e5 {[%emt 0:00:02]} 29. Nb3 {[%emt 0:00:01]} e4 {[%emt 0:00:01]} 30. Qf4 {[%emt 0:00:03]} e3 {[%emt 0:00:01]} 31. fxe3 {[%emt 0:00:02]} Qe6 {[%emt 0:00:02]} 32. e4 {[%emt 0:00:01]} Nh5 {[%emt 0:00:01]} 33. exd5 {[%emt 0:00:02]} cxd5 {[%emt 0:00:01]} 34. Qg4 {[%emt 0:00:04]} Qe3+ {[%emt 0:00:02]} 35. Kh2 {[%emt 0:00:01]} Nxg3 {[%emt 0:00:04]} 36. Qxc8+ {[%emt 0:00:02]} Bf8 {[%emt 0:00:02]} 37. Bxg3 {[%emt 0:00:01]} h5 {[%emt 0:00:04]} 38. Bxd5 {[%emt 0:00:01]} Qxe2+ {[%emt 0:00:03]} 39. Bg2 {[%emt 0:00:00]} Ne3 {[%emt 0:00:01]} 40. Qc6 {[%emt 0:00:02]} h4 {[%emt 0:00:00]} 41. Qf3 {[%emt 0:00:01]} hxg3+ {[%emt 0:00:02]} 42. Qxg3 {[%emt 0:00:00]} Bd6 {[%emt 0:00:01]} 43. Rc3 {[%emt 0:00:03]} Qxg2# {[%emt 0:00:01] (Lag: Av=0.25s, max=0.5s)} 0-1

[Event "Stay Safe Play From Home 283"]
[Site "Emanuel Lasker Arena"]
[Date "2020.07.07"]
[Round "6"]
[White "Weltszmerc"]
[Black "Toosieslide"]
[Result "1-0"]
[WhiteElo "2152"]
[BlackElo "2202"]
[PlyCount "147"]
[EventDate "2020.07.07"]
[EventType "swiss (blitz)"]

1. d4 {[%emt 0:00:01]} d5 {[%emt 0:00:02]} 2. c4 {[%emt 0:00:00]} c6 {[%emt 0:00:00]} 3. Nf3 {[%emt 0:00:01]} Nf6 {[%emt 0:00:00]} 4. g3 {[%emt 0:00:01]} e6 {[%emt 0:00:00]} 5. Bg2 {[%emt 0:00:01]} Nbd7 {[%emt 0:00:00]} 6. O-O {[%emt 0:00:00]} Be7 {[%emt 0:00:00]} 7. Nbd2 {[%emt 0:00:00]} O-O {[%emt 0:00:00]} 8. Qc2 {[%emt 0:00:00]} b6 {[%emt 0:00:01]} 9. e4 {[%emt 0:00:00]} dxe4 {[%emt 0:00:01]} 10. Nxe4 {[%emt 0:00:01]} Nxe4 {[%emt 0:00:00]} 11. Qxe4 {[%emt 0:00:00]} Bb7 {[%emt 0:00:00]} 12. Qe2 {[%emt 0:00:01]} c5 {[%emt 0:00:02]} 13. Rd1 {[%emt 0:00:00]} Qc8 {[%emt 0:00:01]} 14. Bf4 {[%emt 0:00:01]} cxd4 {[%emt 0:00:01]} 15. Nxd4 {[%emt 0:00:00]} Bxg2 {[%emt 0:00:01]} 16. Kxg2 {[%emt 0:00:00]} Bf6 {[%emt 0:00:00]} 17. Nb5 {[%emt 0:00:02]} a6 {[%emt 0:00:03]} 18. Nd6 {[%emt 0:00:03]} Qc6+ {[%emt 0:00:01]} 19. Qf3 {[%emt 0:00:01]} Qxf3+ {[%emt 0:00:01]} 20. Kxf3 {[%emt 0:00:00]} e5 {[%emt 0:00:01]} 21. Be3 {[%emt 0:00:01]} Nc5 {[%emt 0:00:01]} 22. Bxc5 {[%emt 0:00:02]} bxc5 {[%emt 0:00:00]} 23. Ne4 {[%emt 0:00:00]} Be7 {[%emt 0:00:00]} 24. Rd7 {[%emt 0:00:01]} Rfe8 {[%emt 0:00:00]} 25. Rad1 {[%emt 0:00:01]} f5 {[%emt 0:00:02]} 26. Nd6 {[%emt 0:00:01]} e4+ {[%emt 0:00:00]} 27. Ke2 {[%emt 0:00:01]} Bxd6 {[%emt 0:00:01]} 28. R1xd6 {[%emt 0:00:00]} Rab8 {[%emt 0:00:03]} 29. b3 {[%emt 0:00:00]} a5 {[%emt 0:00:00]} 30. Rc7 {[%emt 0:00:01]} a4 {[%emt 0:00:05]} 31. Rdd7 {[%emt 0:00:01]} axb3 {[%emt 0:00:01]} 32. Rxg7+ {[%emt 0:00:00]} Kh8 {[%emt 0:00:00]} 33. Rxh7+ {[%emt 0:00:01]} Kg8 {[%emt 0:00:00]} 34. Rcg7+ {[%emt 0:00:00]} Kf8 {[%emt 0:00:00]} 35. Ra7 {[%emt 0:00:01]} Kg8 {[%emt 0:00:01]} 36. Rhg7+ {[%emt 0:00:01]} Kh8 {[%emt 0:00:02]} 37. Rh7+ {[%emt 0:00:03]} Kg8 {[%emt 0:00:01]} 38. Rag7+ {[%emt 0:00:01]} Kf8 {[%emt 0:00:01]} 39. axb3 {[%emt 0:00:01]} Rxb3 {[%emt 0:00:02]} 40. Rh8+ {[%emt 0:00:00]} Kxg7 {[%emt 0:00:01]} 41. Rxe8 {[%emt 0:00:00]} Rc3 {[%emt 0:00:01]} 42. Re5 {[%emt 0:00:01]} Rxc4 {[%emt 0:00:03]} 43. Rxf5 {[%emt 0:00:01]} Kg6 {[%emt 0:00:00]} 44. g4 {[%emt 0:00:01]} e3 {[%emt 0:00:01]} 45. f3 {[%emt 0:00:02]} Rc2+ {[%emt 0:00:03]} 46. Kxe3 {[%emt 0:00:01]} c4 {[%emt 0:00:00]} 47. h4 {[%emt 0:00:01]} Rc1 {[%emt 0:00:01]} 48. h5+ {[%emt 0:00:00]} Kg7 {[%emt 0:00:00]} 49. Rc5 {[%emt 0:00:00]} c3 {[%emt 0:00:00]} 50. Kf4 {[%emt 0:00:00]} c2 {[%emt 0:00:01]} 51. Rc7+ {[%emt 0:00:01]} Kh6 {[%emt 0:00:02]} 52. Rc6+ {[%emt 0:00:01]} Kg7 {[%emt 0:00:01]} 53. g5 {[%emt 0:00:00]} Kh7 {[%emt 0:00:01]} 54. Rc7+ {[%emt 0:00:01]} Kg8 {[%emt 0:00:01]} 55. h6 {[%emt 0:00:00]} Kh8 {[%emt 0:00:01]} 56. Kf5 {[%emt 0:00:00]} Rf1 {[%emt 0:00:02]} 57. Rxc2 {[%emt 0:00:02]} Rxf3+ {[%emt 0:00:00]} 58. Kg6 {[%emt 0:00:01]} Rf8 {[%emt 0:00:01]} 59. Rc7 {[%emt 0:00:01]} Rg8+ {[%emt 0:00:02]} 60. Kf6 {[%emt 0:00:02]} Rf8+ {[%emt 0:00:00]} 61. Rf7 {[%emt 0:00:01]} Ra8 {[%emt 0:00:00]} 62. Re7 {[%emt 0:00:01]} Ra6+ {[%emt 0:00:00]} 63. Kf7 {[%emt 0:00:01]} Ra5 {[%emt 0:00:00]} 64. Re8+ {[%emt 0:00:01]} Kh7 {[%emt 0:00:00]} 65. g6+ {[%emt 0:00:01]} Kxh6 {[%emt 0:00:00]} 66. Rh8+ {[%emt 0:00:01]} Kg5 {[%emt 0:00:01]} 67. g7 {[%emt 0:00:00]} Ra7+ {[%emt 0:00:00]} 68. Kg8 {[%emt 0:00:01]} Ra8+ {[%emt 0:00:00]} 69. Kh7 {[%emt 0:00:01]} Rxh8+ {[%emt 0:00:00]} 70. gxh8=Q {[%emt 0:00:01]} Kf4 {[%emt 0:00:00]} 71. Qg7 {[%emt 0:00:00]} Kf3 {[%emt 0:00:00]} 72. Qg6 {[%emt 0:00:00]} Ke2 {[%emt 0:00:00]} 73. Kh6 {[%emt 0:00:00]} Kd1 {[%emt 0:00:00]} 74. Qg5 {[%emt 0:00:00] Time} 1-0

[Event "Stay Safe Play From Home 283"]
[Site "Emanuel Lasker Arena"]
[Date "2020.07.07"]
[Round "6"]
[White "Haxhi Baha"]
[Black "SoulofWolf"]
[Result "0-1"]
[WhiteElo "2038"]
[BlackElo "2172"]
[PlyCount "94"]
[EventDate "2020.07.07"]
[EventType "swiss (blitz)"]

1. e4 {[%emt 0:00:01]} d5 {[%emt 0:00:00]} 2. exd5 {[%emt 0:00:01]} Qxd5 {[%emt 0:00:01]} 3. Nc3 {[%emt 0:00:00]} Qd8 {[%emt 0:00:00]} 4. Nf3 {[%emt 0:00:01]} c5 {[%emt 0:00:00]} 5. Bc4 {[%emt 0:00:01]} Nc6 {[%emt 0:00:01]} 6. d3 {[%emt 0:00:01]} Bg4 {[%emt 0:00:02]} 7. Be3 {[%emt 0:00:02]} e6 {[%emt 0:00:01]} 8. h3 {[%emt 0:00:01]} Bh5 {[%emt 0:00:01]} 9. g4 {[%emt 0:00:01]} Bg6 {[%emt 0:00:00]} 10. Qe2 {[%emt 0:00:00]} Nge7 {[%emt 0:00:01]} 11. O-O-O {[%emt 0:00:01]} Nd5 {[%emt 0:00:00]} 12. Nxd5 {[%emt 0:00:04]} exd5 {[%emt 0:00:00]} 13. Bg5+ {[%emt 0:00:01]} Be7 {[%emt 0:00:01]} 14. Bxe7 {[%emt 0:00:02]} Qxe7 {[%emt 0:00:02]} 15. Qxe7+ {[%emt 0:00:04]} Nxe7 {[%emt 0:00:01]} 16. Bb5+ {[%emt 0:00:01]} Nc6 {[%emt 0:00:02]} 17. Rhe1+ {[%emt 0:00:01]} Kd7 {[%emt 0:00:00]} 18. Ne5+ {[%emt 0:00:01]} Kd6 {[%emt 0:00:01]} 19. Bxc6 {[%emt 0:00:01]} bxc6 {[%emt 0:00:01]} 20. f4 {[%emt 0:00:00]} f5 {[%emt 0:00:01]} 21. d4 {[%emt 0:00:06]} fxg4 {[%emt 0:00:06]} 22. hxg4 {[%emt 0:00:01]} cxd4 {[%emt 0:00:01]} 23. f5 {[%emt 0:00:00]} Be8 {[%emt 0:00:01]} 24. Nf3 {[%emt 0:00:01]} c5 {[%emt 0:00:02]} 25. Re6+ {[%emt 0:00:01]} Kc7 {[%emt 0:00:00]} 26. Rde1 {[%emt 0:00:03]} Bc6 {[%emt 0:00:02]} 27. Re7+ {[%emt 0:00:01]} Kb6 {[%emt 0:00:01]} 28. R1e6 {[%emt 0:00:00]} Rac8 {[%emt 0:00:03]} 29. Ne5 {[%emt 0:00:01]} Kb5 {[%emt 0:00:01]} 30. a4+ {[%emt 0:00:01]} Kxa4 {[%emt 0:00:00]} 31. Nxc6 {[%emt 0:00:01]} a6 {[%emt 0:00:05]} 32. Rb7 {[%emt 0:00:01]} Rhe8 {[%emt 0:00:03]} 33. b3+ {[%emt 0:00:01]} Ka3 {[%emt 0:00:03]} 34. Nxd4 {[%emt 0:00:04]} Ra8 {[%emt 0:00:03]} 35. Rxe8 {[%emt 0:00:04]} Rxe8 {[%emt 0:00:00]} 36. Ne6 {[%emt 0:00:01]} Ra8 {[%emt 0:00:02]} 37. Nxc5 {[%emt 0:00:01]} a5 {[%emt 0:00:02]} 38. Na4 {[%emt 0:00:01]} d4 {[%emt 0:00:02]} 39. Rb5 {[%emt 0:00:01]} g6 {[%emt 0:00:02]} 40. Nc5 {[%emt 0:00:01]} gxf5 {[%emt 0:00:00]} 41. gxf5 {[%emt 0:00:00]} h5 {[%emt 0:00:01]} 42. Nd3 {[%emt 0:00:01]} h4 {[%emt 0:00:00]} 43. Ne5 {[%emt 0:00:01]} h3 {[%emt 0:00:00]} 44. Nc4+ {[%emt 0:00:00]} Ka2 {[%emt 0:00:00]} 45. Nxa5 {[%emt 0:00:01]} h2 {[%emt 0:00:00]} 46. Nc4 {[%emt 0:00:00]} h1=Q+ {[%emt 0:00:00]} 47. Kd2 {[%emt 0:00:00]} Qe4 {[%emt 0:00:01] Time (Lag: Av=0.59s, max=1.3s)} 0-1

[Event "Stay Safe Play From Home 283"]
[Site "Emanuel Lasker Arena"]
[Date "2020.07.07"]
[Round "6"]
[White "Fischer_11"]
[Black "Lazieri3"]
[Result "1/2-1/2"]
[WhiteElo "2020"]
[BlackElo "2093"]
[Annotator "NA"]
[PlyCount "99"]
[EventDate "2020.07.07"]
[EventType "swiss (blitz)"]

1. e4 {[%emt 0:00:01]} c6 {[%emt 0:00:00]} 2. d4 {[%emt 0:00:01]} d5 {[%emt 0:00:00]} 3. exd5 {[%emt 0:00:00]} cxd5 {[%emt 0:00:00]} 4. c4 {[%emt 0:00:00]} Nc6 {[%emt 0:00:00]} 5. cxd5 {[%emt 0:00:00]} Qxd5 {[%emt 0:00:01]} 6. Nf3 {[%emt 0:00:00]} Bg4 {[%emt 0:00:01]} 7. Nc3 {[%emt 0:00:00]} Qh5 {[%emt 0:00:01]} 8. d5 {[%emt 0:00:01]} O-O-O {[%emt 0:00:01]} 9. Qa4 {[%emt 0:00:01]} Bxf3 {[%emt 0:00:03]} 10. gxf3 {[%emt 0:00:01]} Rxd5 {[%emt 0:00:02]} 11. Rg1 {[%emt 0:00:00]} Re5+ {[%emt 0:00:04]} 12. Be3 {[%emt 0:00:03]} Qxf3 {[%emt 0:00:01]} 13. Bg2 {[%emt 0:00:04]} Rxe3+ {[%emt 0:00:02]} 14. fxe3 {[%emt 0:00:00]} Qxe3+ {[%emt 0:00:00]} 15. Ne2 {[%emt 0:00:02]} e5 {[%emt 0:00:10]} 16. Bxc6 {[%emt 0:00:02]} Bb4+ {[%emt 0:00:02]} 17. Kf1 {[%emt 0:00:03]} bxc6 {[%emt 0:00:04]} 18. Qxc6+ {[%emt 0:00:06]} Kb8 {[%emt 0:00:01]} 19. Qb5+ {[%emt 0:00:03]} Qb6 {[%emt 0:00:01]} 20. Qxb6+ {[%emt 0:00:01]} axb6 {[%emt 0:00:01]} 21. Rxg7 {[%emt 0:00:00]} Nh6 {[%emt 0:00:02]} 22. Ng3 {[%emt 0:00:04]} Bc5 {[%emt 0:00:05]} 23. Ne4 {[%emt 0:00:03]} Nf5 {[%emt 0:00:03]} 24. Rxf7 {[%emt 0:00:03]} Ne3+ {[%emt 0:00:01]} 25. Ke2 {[%emt 0:00:01]} Nd5 {[%emt 0:00:02]} 26. Nxc5 {[%emt 0:00:01]} bxc5 {[%emt 0:00:02]} 27. Rd1 {[%emt 0:00:01]} Nf4+ {[%emt 0:00:01]} 28. Rxf4 {[%emt 0:00:01]} exf4 {[%emt 0:00:01]} 29. Kf3 {[%emt 0:00:00]} Re8 {[%emt 0:00:01]} 30. Kxf4 {[%emt 0:00:01]} Re2 {[%emt 0:00:00]} 31. Kg3 {[%emt 0:00:01]} Rxb2 {[%emt 0:00:01]} 32. Rc1 {[%emt 0:00:00]} Rxa2 {[%emt 0:00:02]} 33. Rxc5 {[%emt 0:00:00]} Ra7 {[%emt 0:00:01]} 34. h4 {[%emt 0:00:00]} Rc7 {[%emt 0:00:00]} 35. Kg4 {[%emt 0:00:00]} Rxc5 {[%emt 0:00:01]} 36. h5 {[%emt 0:00:00]} Kc7 {[%emt 0:00:00]} 37. Kf4 {[%emt 0:00:01]} Kd6 {[%emt 0:00:00]} 38. Kg4 {[%emt 0:00:00]} Ke6 {[%emt 0:00:00]} 39. Kh4 {[%emt 0:00:00]} Kf6 {[%emt 0:00:00]} 40. h6 {[%emt 0:00:00]} Rg5 {[%emt 0:00:00]} 41. Kh3 {[%emt 0:00:01]} Kg6 {[%emt 0:00:00]} 42. Kh4 {[%emt 0:00:00]} Kxh6 {[%emt 0:00:00]} 43. Kh3 {[%emt 0:00:01]} Kg6 {[%emt 0:00:00]} 44. Kh2 {[%emt 0:00:00]} Kf5 {[%emt 0:00:00]} 45. Kh1 {[%emt 0:00:00]} Kf4 {[%emt 0:00:00]} 46. Kh2 {[%emt 0:00:00]} Rg4 {[%emt 0:00:00]} 47. Kh3 {[%emt 0:00:00]} Rg3+ {[%emt 0:00:00]} 48. Kh2 {[%emt 0:00:00]} Kf3 {[%emt 0:00:00]} 49. Kh1 {[%emt 0:00:00]} Kf2 {[%emt 0:00:00]} 50. Kh2 {[%emt 0:00:00] (Lag: Av=0.60s, max=1.1s)} 1/2-1/2

[Event "Stay Safe Play From Home 283"]
[Site "Emanuel Lasker Arena"]
[Date "2020.07.07"]
[Round "6"]
[White "Sfantul321"]
[Black "Trotsky"]
[Result "1-0"]
[WhiteElo "1992"]
[BlackElo "1630"]
[Annotator "NA"]
[PlyCount "43"]
[EventDate "2020.07.07"]
[EventType "swiss (blitz)"]

1. c4 {[%emt 0:00:01]} c5 {[%emt 0:00:01]} 2. Nc3 {[%emt 0:00:00]} e6 {[%emt 0:00:00]} 3. e4 {[%emt 0:00:01]} d5 {[%emt 0:00:01]} 4. exd5 {[%emt 0:00:01]} exd5 {[%emt 0:00:01]} 5. Nxd5 {[%emt 0:00:00]} Be6 {[%emt 0:00:01]} 6. Nc3 {[%emt 0:00:01]} Nc6 {[%emt 0:00:01]} 7. Nf3 {[%emt 0:00:01]} Bd6 {[%emt 0:00:01]} 8. h3 {[%emt 0:00:01]} a6 {[%emt 0:00:01]} 9. Be2 {[%emt 0:00:01]} Qc7 {[%emt 0:00:01]} 10. Kf1 {[%emt 0:00:01]} O-O-O {[%emt 0:00:01]} 11. d3 {[%emt 0:00:01]} Nf6 {[%emt 0:00:01]} 12. Bg5 {[%emt 0:00:01]} h5 {[%emt 0:00:03]} 13. a3 {[%emt 0:00:03]} Rdf8 {[%emt 0:00:02]} 14. Qa4 {[%emt 0:00:02]} Kb8 {[%emt 0:00:02]} 15. Bxf6 {[%emt 0:00:01]} gxf6 {[%emt 0:00:01]} 16. Ne4 {[%emt 0:00:02]} Be5 {[%emt 0:00:04]} 17. Rb1 {[%emt 0:00:02]} Ka8 {[%emt 0:00:01]} 18. b4 {[%emt 0:00:01]} Rb8 {[%emt 0:00:08]} 19. Nxc5 {[%emt 0:00:03]} Nd4 {[%emt 0:00:06]} 20. Nxd4 {[%emt 0:00:08]} Bxd4 {[%emt 0:00:01]} 21. Nxa6 {[%emt 0:00:01]} Rbg8 {[%emt 0:00:04]} 22. Nxc7+ {[%emt 0:00:02] Trotsky Ñäàåòñÿ (Lag: Av=0.18s, max=0.4s)} 1-0

[Event "Stay Safe Play From Home 283"]
[Site "Emanuel Lasker Arena"]
[Date "2020.07.07"]
[Round "6"]
[White "Klasman"]
[Black "Haris kollari 13"]
[Result "0-1"]
[WhiteElo "1433"]
[BlackElo "1761"]
[Annotator "NA"]
[PlyCount "36"]
[EventDate "2020.07.07"]
[EventType "swiss (blitz)"]

1. f4 {[%emt 0:00:03]} e6 {[%emt 0:00:00]} 2. c4 {[%emt 0:00:02]} d5 {[%emt 0:00:00]} 3. cxd5 {[%emt 0:00:01]} exd5 {[%emt 0:00:01]} 4. d4 {[%emt 0:00:01]} c6 {[%emt 0:00:01]} 5. Nf3 {[%emt 0:00:01]} Bf5 {[%emt 0:00:01]} 6. Nc3 {[%emt 0:00:03]} Bb4 {[%emt 0:00:02]} 7. e3 {[%emt 0:00:01]} Nf6 {[%emt 0:00:02]} 8. Qb3 {[%emt 0:00:04]} Qb6 {[%emt 0:00:02]} 9. Bd2 {[%emt 0:00:05]} O-O {[%emt 0:00:02]} 10. Be2 {[%emt 0:00:05]} Re8 {[%emt 0:00:02]} 11. Ne5 {[%emt 0:00:04]} Nbd7 {[%emt 0:00:03]} 12. g4 {[%emt 0:00:01]} Bxc3 {[%emt 0:00:04]} 13. bxc3 {[%emt 0:00:08]} Be4 {[%emt 0:00:02]} 14. g5 {[%emt 0:00:06]} Bxh1 {[%emt 0:00:06]} 15. gxf6 {[%emt 0:00:02]} Nxf6 {[%emt 0:00:01]} 16. O-O-O {[%emt 0:00:04]} Qxb3 {[%emt 0:00:01]} 17. axb3 {[%emt 0:00:02]} Be4 {[%emt 0:00:00]} 18. Rg1 {[%emt 0:00:05]} Kf8 {[%emt 0:00:01] Time (Lag: Av=0.39s, max=0.6s)} 0-1

[Event "Stay Safe Play From Home 283"]
[Site "Emanuel Lasker Arena"]
[Date "2020.07.07"]
[Round "7"]
[White "Broken sword"]
[Black "Jhhonnyy"]
[Result "1-0"]
[WhiteElo "2466"]
[BlackElo "2307"]
[Annotator "TA"]
[PlyCount "71"]
[EventDate "2020.07.07"]
[EventType "swiss (blitz)"]

{[%evp 13,71,17,30,0,12,0,44,16,36,0,0,0,21,0,24,29,22,14,77,0,0,-67,0,-83,-74,-204,-42,-172,-93,-131,-133,-210,-77,-85,252,260,248,43,73,66,119,93,190,154,308,335,537,535,6470,6411,5614,1123,29998,500,497,466,633,429,1508,1291]} 1. e4 c5 2. Nf3 e6 3. d4 cxd4 4. Nxd4 a6 5. Bd3 g6 6. O-O Bg7 7. c3 Ne7 8. Be3 {B42: Sicilian: Kan Variation: 5 Bd3.} O-O 9. Nd2 Nbc6 10. N2f3 {White is slightly better.} d5 {[#]} 11. exd5 $146 ({Predecessor:} 11. Nxc6 Nxc6 12. Bc2 dxe4 13. Qxd8 Nxd8 14. Bxe4 f5 15. Bc2 Re8 16. Rad1 h6 17. Bb6 {½-½ (50) Mednis,E-Quinteros,M Cleveland 1975}) 11... Nxd5 12. Nxc6 bxc6 13. Bd4 f6 14. Bc5 Re8 15. c4 Nf4 (15... Qa5 $11) 16. Bc2 (16. Be4 $16 Bb7 17. Qb3) 16... e5 $11 17. b3 ({White should try} 17. Ba4 $11) 17... Ne6 (17... Qc7 $15 18. Bd6 Qd7) 18. Ba3 (18. Qxd8 $11 Rxd8 19. Bb6) 18... Qc7 $17 19. Qe2 {[#]} (19. Bd6 $17 Qa7 20. Qc1) 19... Rd8 $2 (19... f5 $1 $19 20. Rad1 c5) 20. g3 (20. Rad1 $15) 20... c5 (20... f5 $19 {Strongly threatening ...e4.} 21. Rad1 e4 22. Rxd8+ Qxd8 23. Bxe4 fxe4 24. Qxe4 Ra7) 21. Rfd1 Bb7 {aiming for ...Qc6.} 22. Be4 (22. b4 $17) 22... Nd4 (22... Bxe4 $19 {is more deadly.} 23. Qxe4 f5) 23. Nxd4 Rxd4 $4 {[%mdl 8192]} (23... cxd4 $17 {and life is bright.} 24. Bxb7 Qxb7) 24. Bxb7 $18 Qxb7 25. Bb2 $2 (25. Bxc5 $18 Rdd8 26. Rxd8+ Rxd8 27. Rd1 Rxd1+ 28. Qxd1) 25... Rxd1+ 26. Rxd1 Qc7 ({Better is} 26... a5 $14) 27. Rd5 Rd8 (27... Bf8 $16) 28. Qd3 $36 {[%mdl 2048] White has strong initiative.} Rxd5 $2 (28... Re8 $16 {might work better.} 29. Rd6 Qb7) 29. Qxd5+ Kf8 $2 (29... Qf7 30. Qa8+ (30. Qxc5 Qd7 $16) 30... Bf8 31. Qxa6 g5) 30. Ba3 f5 31. Bxc5+ Ke8 32. Bd6 (32. Qe6+ $142 Kd8 {[#]} 33. Bb6 $1 {[%mdl 512]} Qxb6 34. Qxb6+ Ke8 35. c5) 32... Qd7 33. Qa8+ (33. Qg8+ $142 Bf8 34. Qxf8#) 33... Kf7 {White is clearly winning.} 34. c5 e4 35. Qxa6 Bd4 (35... g5 $142 36. b4 Qe6) 36. Qc4+ {[%mdl 64] Double Attack. Accuracy: White = 24%, Black = 21%.} 1-0